000 00437nam a2200145Ia 4500
008 211109s9999||||xx |||||||||||||| ||und||
082 _a822
_bSTR-L
100 _aStrindberg, August
245 0 _aLucky Peter`s Travels and Other Plays
260 _bJonathan Cape
_aLondon
_c1956
300 _a319p.
630 _xGeneral Stack
650 _aLiterature and rhetoric
_vEnglish and old english literatureEnglish drama
_xEnglish
942 _cBOOK
999 _c8194
_d8194